000 00618nam a22002177a 4500
003 UA-OsUOA
001 94337
007 ta
008 20130207b un ||||| |||| 00| 0 ukr d
100 _aГольдберг А.
090 _a821.161.1
_bГ63
942 _cBK
040 _aUA-OsUOA
_cUA-OsUOA
_dUA-OsUOA
245 _aПою человека
_bстихотворения и поэмы
300 _a190 с.
955 _a3
080 _a821.161.1
260 _aМ.
_bСоветский писатель
_c1983
650 7 _a82 Література. Літературознавство
_2UDC
999 _c380536
_d380536